Hormigón de alta resistencia: estado actual de conocimientos
Uloženo v:
| Hlavní autoři: | , |
|---|---|
| Médium: | Kniha |
| Jazyk: | španělština |
| Vydáno: |
Madrid
Centro de Estudios y Experimentación de Obras Públicas, Gabinete de Formación y Documentación
1990
|
| Edice: | Monografías, 19
|
| Témata: | |
| Tagy: |
Přidat tag
Žádné tagy, Buďte první, kdo vytvoří štítek k tomuto záznamu!
|
MARC
| LEADER | 00000nam a2200000 a 4500 | ||
|---|---|---|---|
| 001 | UCV5942 | ||
| 003 | CL-VaPUC | ||
| 008 | 921015e19900000SP |||||||||||||||||spa|d | ||
| 082 | 0 | 4 | |a 620.136 |b GAL |2 21 |
| 100 | 0 | |a Gálligo Estévez, José Manuel |e author |9 300168 | |
| 700 | 0 | |a Alaejos Gutiérrez, María Pilar |e author |9 300169 | |
| 245 | 1 | 0 | |a Hormigón de alta resistencia: estado actual de conocimientos |
| 300 | |a 189 p | ||
| 942 | |c BK | ||
| 945 | |d 19921015 00:00:00 | ||
| 260 | |a Madrid |b Centro de Estudios y Experimentación de Obras Públicas, Gabinete de Formación y Documentación |c 1990 | ||
| 650 | 7 | |a HORMIGON ADITIVOS |2 CL-VaPUC |9 262816 | |
| 650 | 7 | |a HORMIGON CONTROL DE CALIDAD |2 CL-VaPUC |9 262817 | |
| 650 | 7 | |a HORMIGON CURADO |2 CL-VaPUC |9 262818 | |
| 650 | 7 | |a HORMIGON EXPANSION Y CONTRACCION |2 CL-VaPUC |9 262819 | |
| 583 | |a last modification |c 19921015 00:00:00 |k Rodrigo Vera | ||
| 490 | 0 | |a Monografías, 19 | |
| 999 | |c 212227 |d 212225 | ||
| 952 | |0 0 |1 0 |4 0 |6 620_136000000000000_GAL_1990 |7 0 |8 A |9 192840 |a BIBING |b BIBING |d 2019-11-14 |i 2604825 |o 620.136 GAL 1990 |p 2604825 |r 2025-01-20 |w 2019-11-14 |y BK |k CCL | ||